[Event "DEDIJ   I"]
[Site "SchemingMind.com"]
[Date "2018.09.02"]
[Round "-"]
[White "cnbcad"]
[Black "errantknight"]
[Result "0-1"]
[WhiteCountry "USA"]
[BlackCountry "USA"]
[WhiteElo "1199"]
[WhiteRD "73"]
[BlackElo "1632"]
[BlackRD "85"]
[GameID "432108"]

1. Nf3 c5 2. c4 Nc6 3. g3 d6 4. Bg2 g6 5. d4 cxd4 6. Nxd4 Bd7 7. b3 Bg7 8. Bb2 Rb8 9. Nxc6 bxc6 10. Bxg7 f6
11. Bxh8 Nh6 12. Bg7 Nf5 13. e4 Nxg7
0-1

[Event "DEDIJ   I"]
[Site "SchemingMind.com"]
[Date "2018.09.03"]
[Round "-"]
[White "errantknight"]
[Black "cnbcad"]
[Result "1-0"]
[WhiteCountry "USA"]
[BlackCountry "USA"]
[WhiteElo "1604"]
[WhiteRD "84"]
[BlackElo "1209"]
[BlackRD "68"]
[GameID "432109"]

1. e4 c5 2. Nf3 d6 3. Bc4 Nf6 4. Nc3 g6 5. h3 Bg7 6. d3 b6 7. Rb1 Bb7 8. a3 Nbd7 9. Bf4 e5 10. Bg3 O-O
11. O-O a6 12. Nd5 b5 13. Bb3
1-0

[Event "DEDIJ   I"]
[Site "SchemingMind.com"]
[Date "2018.09.01"]
[Round "-"]
[White "cnbcad"]
[Black "Phillip Beckett"]
[Result "0-1"]
[WhiteCountry "USA"]
[BlackCountry "ENG"]
[WhiteElo "1209"]
[WhiteRD "68"]
[BlackElo "1536"]
[BlackRD "53"]
[GameID "432110"]

1. Nf3 Nf6 2. g3 g6 3. Bg2 Bg7 4. d4 d6 5. c3 O-O 6. Nbd2 Nbd7 7. b4 c6 8. Bb2 a5 9. a3 axb4 10. axb4 Rxa1
11. Qxa1 Nb6 12. O-O Be6 13. Qa7 Qc7 14. Qa1 Ra8 15. Qc1 Na4
0-1

[Event "DEDIJ   I"]
[Site "SchemingMind.com"]
[Date "2018.09.01"]
[Round "-"]
[White "Phillip Beckett"]
[Black "cnbcad"]
[Result "1-0"]
[WhiteCountry "ENG"]
[BlackCountry "USA"]
[WhiteElo "1536"]
[WhiteRD "53"]
[BlackElo "1209"]
[BlackRD "68"]
[GameID "432111"]

1. d4 d5 2. c4 c6 3. cxd5 cxd5 4. Nc3 Nf6 5. Bg5 e6 6. e3 g6 7. Nf3 Bg7 8. Bd3 O-O 9. Ne5 Nbd7 10. O-O h6
11. Nxd7 Qxd7 12. Bf4 h5 13. Qc2 b6 14. Bb5 Qe7 15. Bc6
1-0

[Event "DEDIJ   I"]
[Site "SchemingMind.com"]
[Date "2018.09.01"]
[Round "-"]
[White "cnbcad"]
[Black "krzysztof"]
[Result "0-1"]
[WhiteCountry "USA"]
[BlackCountry "POL"]
[WhiteElo "1209"]
[WhiteRD "68"]
[BlackElo "1463"]
[BlackRD "80"]
[GameID "432112"]

1. Nf3 d5 2. d4 Nf6 3. g3 Nc6 4. Bg2 Bg4 5. Nbd2 Qd7 6. h3 Bf5 7. Nh4 g6 8. Nxf5 gxf5 9. c3 e6 10. b4 a6
11. a4 b6 12. Bb2 e5 13. dxe5 Ne4
0-1

[Event "DEDIJ   I"]
[Site "SchemingMind.com"]
[Date "2018.09.01"]
[Round "-"]
[White "krzysztof"]
[Black "cnbcad"]
[Result "1-0"]
[WhiteCountry "POL"]
[BlackCountry "USA"]
[WhiteElo "1463"]
[WhiteRD "80"]
[BlackElo "1209"]
[BlackRD "68"]
[GameID "432113"]

1. e4 c5 2. Nf3 d6 3. Bb5+ Nd7 4. d4 a6 5. Ba4 b5 6. Bb3 c4 7. Bxc4 bxc4 8. c3 Ngf6 9. e5 Nd5 10. e6 N7f6
11. exf7+ Kxf7 12. Ng5+ Ke8 13. f3
1-0

[Event "DEDIJ   I"]
[Site "SchemingMind.com"]
[Date "2018.09.01"]
[Round "-"]
[White "cnbcad"]
[Black "Chessibelle"]
[Result "0-1"]
[WhiteCountry "USA"]
[BlackCountry "ENG"]
[WhiteElo "1209"]
[WhiteRD "68"]
[BlackElo "1255"]
[BlackRD "63"]
[GameID "432114"]

1. Nf3 d6 2. d4 Nf6 3. g3 g6 4. Bg2 Bg7 5. c3 Bd7 6. b4 O-O 7. a4 b6 8. Nbd2 c5 9. dxc5 bxc5 10. b5 e5
11. e4 a6 12. Bb2 Qb6 13. Nc4 Qb7 14. Qxd6 Re8 15. Nfxe5 Qa7 16. Nb6 Re6
0-1

[Event "DEDIJ   I"]
[Site "SchemingMind.com"]
[Date "2018.09.01"]
[Round "-"]
[White "Chessibelle"]
[Black "cnbcad"]
[Result "1-0"]
[WhiteCountry "ENG"]
[BlackCountry "USA"]
[WhiteElo "1255"]
[WhiteRD "63"]
[BlackElo "1209"]
[BlackRD "68"]
[GameID "432115"]

1. e4 c5 2. Nc3 d6 3. Nf3 Nf6 4. Be2 g6 5. d3 Bg7 6. b3 Nbd7 7. O-O a6 8. d4 cxd4 9. Nxd4 Nc5 10. g3 Ncxe4
11. Nxe4 Nxe4 12. Bb2 O-O 13. f3 Nf6 14. a4 Qb6 15. c4 Bh3 16. Re1
1-0

[Event "DEDIJ   I"]
[Site "SchemingMind.com"]
[Date "2018.09.01"]
[Round "-"]
[White "cnbcad"]
[Black "JAHI"]
[Result "0-1"]
[WhiteCountry "USA"]
[BlackCountry "INT"]
[WhiteElo "1209"]
[WhiteRD "68"]
[BlackElo "2079"]
[BlackRD "74"]
[GameID "432116"]

1. Nf3 c6 2. g3 e6 3. Bg2 d6 4. d4 g6 5. c3 Bg7 6. e4 e5 7. dxe5 dxe5 8. Qxd8+ Kxd8 9. O-O Bg4 10. Rd1+ Nd7
11. h3 Bxf3 12. Bxf3 Kc7 13. Be3 f6
0-1

[Event "DEDIJ   I"]
[Site "SchemingMind.com"]
[Date "2018.09.01"]
[Round "-"]
[White "JAHI"]
[Black "cnbcad"]
[Result "1-0"]
[WhiteCountry "INT"]
[BlackCountry "USA"]
[WhiteElo "2079"]
[WhiteRD "74"]
[BlackElo "1209"]
[BlackRD "68"]
[GameID "432117"]

1. c3 Nf6 2. b3 g6 3. d3 Bg7 4. Bg5 d5 5. Bxf6 Bxf6 6. e3 c5 7. e4 dxe4 8. dxe4 Qxd1+ 9. Kxd1 O-O 10. Kc2 Nc6
11. Bb5 Bd7 12. Bxc6
1-0

[Event "DEDIJ   I"]
[Site "SchemingMind.com"]
[Date "2018.09.02"]
[Round "-"]
[White "errantknight"]
[Black "Phillip Beckett"]
[Result "1-0"]
[WhiteCountry "USA"]
[BlackCountry "ENG"]
[WhiteElo "1608"]
[WhiteRD "99"]
[BlackElo "1502"]
[BlackRD "55"]
[GameID "432118"]

1. e4 d5 2. exd5 Nf6 3. Bc4 Nxd5 4. Nf3 Nb6 5. Bb3 Nc6 6. h3 Bd7 7. O-O e6 8. a3 Be7 9. d3 O-O 10. Nc3 Na5
11. Ba2 c5 12. Bd2 Rc8 13. Ne4 Nc6 14. Bc3 Bf6 15. Bxf6 gxf6 16. Nd6 Rc7 17. Qd2 Bc8 18. Ne4 e5 19. Nxc5 Nd7 20. Nxd7 Rxd7
21. Qh6 Nd4 22. Rac1 Rd6 23. Nxd4 Rxd4 24. Qh5 Be6 25. Bxe6 fxe6 26. Qf3 Qd5 27. Qxd5 exd5 28. Rfe1 Rc8 29. Re3 e4 30. c3 Rxd3
31. Rxd3 exd3 32. Rd1 Rd8 33. Rxd3 Kf7 34. c4 Ke6 35. cxd5+ Rxd5 36. Rxd5 Kxd5 37. Kf1 Kc4 38. b4 Kb3 39. g4 Kxa3 40. f4 Kxb4
41. f5 a5 42. g5 a4 43. gxf6 a3 44. f7 a2 45. f8=Q+ Kb3 46. Qf7+ Kb2 47. Qxa2+
1-0

[Event "DEDIJ   I"]
[Site "SchemingMind.com"]
[Date "2018.09.02"]
[Round "-"]
[White "Phillip Beckett"]
[Black "errantknight"]
[Result "1-0"]
[WhiteCountry "ENG"]
[BlackCountry "USA"]
[WhiteElo "1502"]
[WhiteRD "55"]
[BlackElo "1608"]
[BlackRD "99"]
[GameID "432119"]

1. d4 e6 2. c4 c5 3. d5 exd5 4. cxd5 d6 5. e4 g6 6. Nc3 Bg7 7. f4 Ne7 8. Nf3 O-O 9. Bd3 Nd7 10. O-O a6
11. a4 Qb6 12. a5 Qd8 13. Bd2 b6 14. axb6 Nxb6 15. Na4 Nxa4 16. Qxa4 Bd7 17. Qa5 Bxb2 18. Qxd8 Rfxd8 19. Rab1 Bg7 20. Rb7 Bb5
21. Bxb5 axb5 22. Rxb5 Rdb8 23. Rfb1 Rxb5 24. Rxb5 Bd4+ 25. Nxd4 Ra1+ 26. Kf2 cxd4 27. Rb8+ Kg7 28. Rb7 Nc8 29. Ke2 Ra8 30. Kd3 Ra4
31. Bb4 Na7 32. Bxd6 Ra6 33. Bc5 Nc8 34. Bxd4+ Kh6 35. Rxf7
1-0

[Event "DEDIJ   I"]
[Site "SchemingMind.com"]
[Date "2018.09.02"]
[Round "-"]
[White "errantknight"]
[Black "krzysztof"]
[Result "1-0"]
[WhiteCountry "USA"]
[BlackCountry "POL"]
[WhiteElo "1604"]
[WhiteRD "84"]
[BlackElo "1463"]
[BlackRD "80"]
[GameID "432120"]

1. e4 e5 2. Nf3 Nc6 3. Bc4 h6 4. h3 Nf6 5. d3 d5 6. exd5 Nd4 7. Nxe5 Bd6 8. Nf3 Nxf3+ 9. Qxf3 Qe7+ 10. Be3 Bb4+
11. c3 Bd6 12. O-O O-O 13. Nd2 Qe5 14. Bf4 Qf5 15. Bxd6 Qxf3 16. Nxf3 cxd6 17. Bb3 b6 18. c4 Bf5 19. Bc2 Rfe8 20. Rfe1 g5
21. g4 Bg6 22. Rxe8+ Rxe8 23. Re1 Rxe1+ 24. Nxe1 Nd7 25. d4 a6 26. Bxg6 fxg6 27. Nc2 Kf7 28. Kg2 h5 29. gxh5 gxh5 30. Ne3 Nf6
31. Nf5 Ne8 32. Kg3 Kg6 33. Ne7+ Kf6 34. Nc8 Kg6 35. Nxb6 h4+ 36. Kg2 Kf5 37. f3 Kf4 38. Kf2 Nf6 39. b4 Nh5 40. c5 dxc5
41. bxc5 Ng3 42. c6 Nh1+ 43. Kg2 Ng3 44. c7 Nf5 45. c8=Q Ne3+ 46. Kg1 Kxf3 47. Qf8+ Kg3 48. Qf2+ Kxh3 49. Qxe3+ Kg4 50. Kg2 Kh5
51. Qf3+ g4 52. Qf5+ Kh6 53. Qxg4 h3+ 54. Kxh3 a5 55. d6 Kh7 56. d7 a4 57. d8=Q Kh6 58. Qh8#
1-0

[Event "DEDIJ   I"]
[Site "SchemingMind.com"]
[Date "2018.09.02"]
[Round "-"]
[White "krzysztof"]
[Black "errantknight"]
[Result "0-1"]
[WhiteCountry "POL"]
[BlackCountry "USA"]
[WhiteElo "1529"]
[WhiteRD "72"]
[BlackElo "1632"]
[BlackRD "85"]
[GameID "432121"]

1. e4 c5 2. Nf3 Nc6 3. Nc3 d6 4. Nd5 e6 5. Nc3 Nf6 6. d4 cxd4 7. Nxd4 h6 8. Bb5 Bd7 9. Nxc6 bxc6 10. Ba4 Be7
11. Be3 O-O 12. f3 Nh5 13. Qd2 Nf6 14. O-O-O Qa5 15. Bb3 Rab8 16. g4 Nh7 17. g5 Nxg5 18. Bxg5 hxg5 19. Na4 Qxd2+ 20. Rxd2 e5
21. Rhd1 c5 22. Nxc5 Bc6 23. Nd3 Rfd8 24. c4 a5 25. Rg2 a4 26. Bc2 Rdc8 27. Rdg1 Bf6 28. h3 Rb6 29. b3 axb3 30. Bxb3 Bb5
31. Kd2 Bxc4 32. Rc1 Rbc6 33. Bxc4 Rxc4 34. Rxc4 Rxc4 35. Ke3 Ra4 36. Rd2 Be7 37. Rc2 Ra7 38. Rc8+ Kh7 39. Rc2 Bd8 40. Ke2 Bb6
41. Kf1 Bd4 42. Nb4 Ra3 43. Kg2 Bc5 44. Nd5 f6 45. Ne7 Rd3 46. Nf5 Ra3 47. Kg3 Ra7 48. Kg4 Rb7 49. h4 gxh4 50. Nxh4 Rb1
51. Rg2 Rh1 52. Nf5 Kg8 53. Ne7+ Kf7 54. Kf5 Rh5+ 55. Kg4 Rg5+ 56. Kh3 Rxg2 57. Kxg2 Kxe7 58. Kg3 Ke6 59. Kg4 d5 60. exd5+ Kxd5
61. Kf5 Be3 62. Kg6 Bh6 63. Kf5 Kc5 64. Ke4 Kb4 65. Kd3 Ka3 66. Kc2 Kxa2 67. Kc3 Kb1 68. Kd3 Kb2 69. Ke2 Kc3 70. Kf2 Kd4
71. Ke2 e4 72. fxe4 Kxe4 73. Kf2 f5 74. Kf1 Ke3 75. Kg2 f4 76. Kf1 f3 77. Kg1 Ke2 78. Kh2 f2 79. Kh1 f1=Q+ 80. Kh2 Bf4#
0-1

[Event "DEDIJ   I"]
[Site "SchemingMind.com"]
[Date "2018.09.02"]
[Round "-"]
[White "Chessibelle"]
[Black "errantknight"]
[Result "0-1"]
[WhiteCountry "ENG"]
[BlackCountry "USA"]
[WhiteElo "1216"]
[WhiteRD "57"]
[BlackElo "1635"]
[BlackRD "133"]
[GameID "432123"]

1. e4 c5 2. d3 Nc6 3. Nf3 d6 4. Be2 g6 5. O-O Bg7 6. c3 Nf6 7. a3 O-O 8. b4 cxb4 9. cxb4 Nh5 10. Re1 Bxa1
11. Bd2 Bg7 12. Ng5 Nf6 13. Nc3 h6 14. Nf3 Bg4 15. d4 Bxf3 16. Bxf3 Rb8 17. Qc1 h5 18. h4 Nxd4 19. Bd1 e5 20. g3 b5
21. f3 Qb6 22. Rf1 Ne2+
0-1

[Event "DEDIJ   I"]
[Site "SchemingMind.com"]
[Date "2018.09.03"]
[Round "-"]
[White "errantknight"]
[Black "JAHI"]
[Result "0-1"]
[WhiteCountry "USA"]
[BlackCountry "INT"]
[WhiteElo "1604"]
[WhiteRD "84"]
[BlackElo "2079"]
[BlackRD "74"]
[GameID "432124"]

1. e4 c6 2. Nf3 e6 3. Bc4 d6 4. d3 d5 5. exd5 cxd5 6. Bb3 Nc6 7. Nc3 Bb4 8. Bd2 Bxc3 9. Bxc3 f6 10. Nh4 Nge7
11. Qh5+ Kf8 12. f4 Bd7 13. Qe2 Ng6 14. Nxg6+ hxg6 15. a3 Na5 16. Bxa5 Qxa5+ 17. c3 d4 18. O-O dxc3 19. bxc3 Qb6+ 20. d4 Qxb3
0-1

[Event "DEDIJ   I"]
[Site "SchemingMind.com"]
[Date "2018.09.02"]
[Round "-"]
[White "JAHI"]
[Black "errantknight"]
[Result "1-0"]
[WhiteCountry "INT"]
[BlackCountry "USA"]
[WhiteElo "2079"]
[WhiteRD "74"]
[BlackElo "1604"]
[BlackRD "84"]
[GameID "432125"]

1. c3 c5 2. b3 Nc6 3. Bb2 Nf6 4. d3 g6 5. d4 cxd4 6. cxd4 d5 7. e3 Bg7 8. Nd2 O-O 9. Bb5 Bd7 10. Bxc6 bxc6
11. Ne2 e6 12. Qc2 Rc8 13. e4 dxe4 14. Nxe4 Nxe4 15. Qxe4 Re8 16. Qe3 c5 17. Rd1 Qa5+ 18. Bc3 Qxa2 19. dxc5 Bc6 20. Bxg7 Kxg7
21. Qc3+ Kg8 22. Ra1 Qxa1+ 23. Qxa1
1-0

[Event "DEDIJ   I"]
[Site "SchemingMind.com"]
[Date "2018.09.01"]
[Round "-"]
[White "Phillip Beckett"]
[Black "krzysztof"]
[Result "1-0"]
[WhiteCountry "ENG"]
[BlackCountry "POL"]
[WhiteElo "1502"]
[WhiteRD "55"]
[BlackElo "1491"]
[BlackRD "92"]
[GameID "432126"]

1. d4 d5 2. c4 dxc4 3. Qa4+ Qd7 4. Qxc4 e6 5. Nf3 Nc6 6. Nc3 Nf6 7. Bg5 Be7 8. e3 h6 9. Bh4 g5 10. Bg3 a6
11. O-O-O Bd6 12. Bxd6 Qxd6 13. Bd3 b5 14. Qb3 Bb7 15. Kb1 Nd5 16. Nxd5 exd5 17. Rhe1 O-O-O 18. Bf5+ Kb8 19. Rc1 Na5 20. Qc2 Nc4
21. Bd3 c5 22. dxc5 Qxc5 23. Bxc4 dxc4 24. Rcd1 Bxf3 25. gxf3 Rc8 26. Rd7 Rc7 27. Red1 Rxd7 28. Rxd7 Rc8 29. Qd2 c3 30. bxc3 Qxc3
31. Qxc3 Rxc3 32. Rxf7 Rc6 33. f4 gxf4 34. Rxf4 Kb7 35. e4 Re6 36. f3 Kb6 37. Kc2 Rd6 38. e5 Re6 39. Rf6 Rxf6 40. exf6 Kc7
41. f7 Kd8 42. f8=Q+
1-0

[Event "DEDIJ   I"]
[Site "SchemingMind.com"]
[Date "2018.09.02"]
[Round "-"]
[White "krzysztof"]
[Black "Phillip Beckett"]
[Result "0-1"]
[WhiteCountry "POL"]
[BlackCountry "ENG"]
[WhiteElo "1491"]
[WhiteRD "92"]
[BlackElo "1502"]
[BlackRD "55"]
[GameID "432127"]

1. e4 e5 2. Nf3 Nc6 3. Nc3 Nf6 4. Bc4 Nxe4 5. Qe2 Nxc3 6. dxc3 d6 7. O-O Be7 8. Rd1 O-O 9. Bd5 Be6 10. Bxe6 fxe6
11. b4 Qe8 12. Bg5 Qg6 13. Bxe7 Nxe7 14. Nh4 Qf7 15. Rd3 Qf4 16. g3 Qf7 17. Rf3 Nf5 18. Nxf5 exf5 19. g4 Qg6 20. Qc4+ Kh8
21. h3 fxg4 22. Rxf8+ Rxf8 23. Qxg4 Qxg4+ 24. hxg4 Rf4 25. Kf1 Rxg4 26. Rd1 h5 27. Rd3 h4 28. Rh3 g5 29. f3 Rf4 30. Kf2 e4
31. Ke3 Rxf3+ 32. Rxf3 exf3 33. Kxf3 Kg7 34. Kg4 Kf6 35. c4 Ke5 36. Kxg5 h3 37. Kg4 h2 38. Kh3 h1=Q+
0-1

[Event "DEDIJ   I"]
[Site "SchemingMind.com"]
[Date "2018.09.01"]
[Round "-"]
[White "Phillip Beckett"]
[Black "Chessibelle"]
[Result "1-0"]
[WhiteCountry "ENG"]
[BlackCountry "ENG"]
[WhiteElo "1482"]
[WhiteRD "55"]
[BlackElo "1216"]
[BlackRD "57"]
[GameID "432128"]

1. d4 d5 2. c4 e6 3. Nc3 Ne7 4. cxd5 exd5 5. Nf3 g6 6. Bg5 Nbc6 7. e3 Bd7 8. Bb5 Bg7 9. Nxd5 O-O 10. Bxc6 Bxc6
11. Nxe7+ Kh8 12. Nxg6+ hxg6 13. Bxd8 Raxd8 14. Ng5 Bxg2 15. Rg1 Bd5 16. h4 a6 17. h5 b5 18. hxg6 fxg6 19. Qg4 c6 20. Qh4+
1-0

[Event "DEDIJ   I"]
[Site "SchemingMind.com"]
[Date "2018.09.01"]
[Round "-"]
[White "Chessibelle"]
[Black "Phillip Beckett"]
[Result "1-0"]
[WhiteCountry "ENG"]
[BlackCountry "ENG"]
[WhiteElo "1216"]
[WhiteRD "57"]
[BlackElo "1482"]
[BlackRD "55"]
[GameID "432129"]

1. e4 e5 2. Nf3 Nc6 3. d3 Nf6 4. Nbd2 Be7 5. g3 d6 6. Be2 O-O 7. O-O h6 8. c4 Nd4 9. Nxd4 exd4 10. b3 c5
11. f3 Bh3 12. Re1 Bd7 13. f4 Nh7 14. Nf3 Bg4 15. Kf2 Bxf3 16. Bxf3 Rb8 17. e5 dxe5 18. Rxe5 Bd6 19. Re4 Nf6 20. Re2 Qd7
21. Bg2 b6 22. h3 Rfe8 23. Bd2 Rxe2+ 24. Qxe2 Re8 25. Qf1 Nh5 26. h4 Qe7 27. Re1 Qd8 28. Qh1 Rxe1 29. Bxe1 Qe7 30. Qh3 Qe3+
31. Kf1 Kh7 32. Qf5+ g6 33. Qxf7+ Ng7 34. Bd5 Qe8 35. Qxa7 Qe3 36. Qf7 Qe8 37. Qb7 Qe3 38. Bf2 Qc1+ 39. Kg2 g5 40. Be4+ Kg8
41. Qc8+ Bf8 42. Qd8 gxf4 43. Bd5+ Kh7 44. Qxf8 fxg3 45. Qg8+ Kg6 46. Be4+ Kh5 47. Bxg3 Qd2+ 48. Kh3
1-0

[Event "DEDIJ   I"]
[Site "SchemingMind.com"]
[Date "2018.09.01"]
[Round "-"]
[White "Phillip Beckett"]
[Black "JAHI"]
[Result "0-1"]
[WhiteCountry "ENG"]
[BlackCountry "INT"]
[WhiteElo "1536"]
[WhiteRD "53"]
[BlackElo "2079"]
[BlackRD "74"]
[GameID "432130"]

1. d4 c6 2. c4 e6 3. Nc3 d6 4. e4 e5 5. dxe5 dxe5 6. Qxd8+ Kxd8 7. Bg5+ f6 8. Be3 Be6 9. O-O-O+ Nd7 10. f3 Bb4
11. Bd3 Bxc3 12. bxc3 Ne7 13. Ne2 Kc7 14. Kc2 f5 15. exf5 Bxf5 16. Bxf5 Nxf5 17. Bf2 Nd6 18. c5 Nf7 19. c4 b6 20. cxb6+ axb6
21. Nc3 Nd6 22. Ne4 Nxe4 23. fxe4 Rxa2+ 24. Kb3 Rxf2 25. Rhf1 Rxf1 26. Rxf1 Nc5+ 27. Kc2 Rd8 28. Rf7+ Rd7 29. Rf5 Kd6 30. Kc3 Nxe4+
31. Kd3 Ke6+
0-1

[Event "DEDIJ   I"]
[Site "SchemingMind.com"]
[Date "2018.09.02"]
[Round "-"]
[White "JAHI"]
[Black "Phillip Beckett"]
[Result "1-0"]
[WhiteCountry "INT"]
[BlackCountry "ENG"]
[WhiteElo "2079"]
[WhiteRD "74"]
[BlackElo "1536"]
[BlackRD "53"]
[GameID "432131"]

1. c3 d5 2. b3 e5 3. Bb2 Nf6 4. c4 Nc6 5. cxd5 Nxd5 6. Nc3 f6 7. e3 Be6 8. Nxd5 Bxd5 9. f3 Bc5 10. f4 exf4
11. exf4 O-O 12. Nf3 Qe7+ 13. Be2 Rfe8 14. Kf1 Rad8 15. Bb5 Ba3 16. Bxc6 Bxc6 17. Bxa3 Bb5+ 18. Kg1 Qe4 19. Bc5 Be2 20. Qc1 Bxf3
21. gxf3 Qxf3 22. Be3 Qg4+ 23. Kf2 c6 24. h3 Qh4+ 25. Kg2 Qh5 26. Qc4+ Kh8 27. Rhe1 Qg6+ 28. Kh2 Qh5 29. Rac1 Qf3 30. Rc3 Rd5
31. Rd3 Rh5 32. Qe6 Rg8 33. Qd7 g5 34. Qe6 gxf4 35. Qxf6+ Rg7 36. Rd8#
1-0

[Event "DEDIJ   I"]
[Site "SchemingMind.com"]
[Date "2018.09.01"]
[Round "-"]
[White "krzysztof"]
[Black "Chessibelle"]
[Result "1-0"]
[WhiteCountry "POL"]
[BlackCountry "ENG"]
[WhiteElo "1491"]
[WhiteRD "92"]
[BlackElo "1205"]
[BlackRD "61"]
[GameID "432132"]

1. e4 e5 2. Nf3 Nc6 3. Nc3 Nge7 4. Bc4 h6 5. d4 f6 6. d5 Nb4 7. a3 Na6 8. b4 d6 9. Bb5+ c6 10. Ba4 Bd7
11. b5 Nc5 12. Be3 g5 13. h3 Bg7 14. O-O O-O 15. Bb3 a6 16. bxc6 bxc6 17. dxc6+ Kh7 18. cxd7 Qxd7 19. Nd5 f5 20. Nxe7 Qxe7
21. Qd5 Nxe4 22. Qd3 Qd7 23. Bd5 Rab8 24. Bxe4 fxe4 25. Qxe4+ Kh8 26. Qg6 Qc7 27. Rfd1 Rbd8 28. Qh5 Kg8 29. h4 Rf5 30. hxg5 e4
31. Qg6 Rdf8 32. Rxd6 Qxc2 33. gxh6 R8f7 34. Rd8+ Rf8 35. Qxg7#
1-0

[Event "DEDIJ   I"]
[Site "SchemingMind.com"]
[Date "2018.09.01"]
[Round "-"]
[White "Chessibelle"]
[Black "krzysztof"]
[Result "0-1"]
[WhiteCountry "ENG"]
[BlackCountry "POL"]
[WhiteElo "1205"]
[WhiteRD "61"]
[BlackElo "1491"]
[BlackRD "92"]
[GameID "432133"]

1. e4 e5 2. Nf3 Nc6 3. d3 Bb4+ 4. Nbd2 Nf6 5. Be2 Nd4 6. Bf1 Bxd2+ 7. Bxd2 d6 8. Nxd4 exd4 9. Be2 Be6 10. g3 O-O
11. O-O c5 12. c3 Qd7 13. Re1 Ng4 14. f3 Ne5 15. f4 Nxd3 16. Bxd3 f6 17. a3 dxc3 18. Bxc3 Bg4 19. Qd2 f5 20. Qe3 Rae8
21. b4 fxe4 22. Bxe4 Re7 23. Qd3 Bf5 24. Bb2 Bxe4 25. Qe2 d5 26. Rad1 c4 27. Bc3 Bd3 28. Qf2 Rfe8 29. h4 Re2 30. Qf3 d4
31. Bb2 Rxb2 32. g4 Ree2 33. f5 Rg2+ 34. Kh1 Qc6 35. Qf4 Rh2+ 36. Kg1 Rbg2#
0-1

[Event "DEDIJ   I"]
[Site "SchemingMind.com"]
[Date "2018.09.01"]
[Round "-"]
[White "krzysztof"]
[Black "JAHI"]
[Result "0-1"]
[WhiteCountry "POL"]
[BlackCountry "INT"]
[WhiteElo "1463"]
[WhiteRD "80"]
[BlackElo "2079"]
[BlackRD "74"]
[GameID "432134"]

1. e4 c6 2. Nf3 e6 3. d4 d6 4. Bd3 d5 5. e5 f6 6. Nh4 Qc7 7. Qh5+ Qf7 8. Bg6 hxg6 9. Qxh8 c5 10. Nxg6 Qxg6
11. Qxg8 Qxg2 12. Rf1 Qe4+ 13. Be3 Nc6 14. exf6 gxf6 15. Nc3 Qh4 16. Nb5 cxd4 17. Nd6+ Ke7 18. Qf7+ Kxd6 19. Qxf8+ Kc7 20. Qg7+ Bd7
21. Bd2 Qe4+ 22. Kd1 Qf5 23. Qg3+ e5 24. b4 Rc8 25. f4 e4 26. c3 e3 27. Rf3 Qd3 28. Rxe3 dxe3 29. Qxe3 Qf1+ 30. Be1 Qa6
31. Bg3 Re8 32. Qf2 Bf5 33. Qf3 Qa4+ 34. Kd2 Qc2#
0-1

[Event "DEDIJ   I"]
[Site "SchemingMind.com"]
[Date "2018.09.01"]
[Round "-"]
[White "JAHI"]
[Black "krzysztof"]
[Result "1-0"]
[WhiteCountry "INT"]
[BlackCountry "POL"]
[WhiteElo "2079"]
[WhiteRD "74"]
[BlackElo "1463"]
[BlackRD "80"]
[GameID "432135"]

1. c3 e5 2. b3 Nf6 3. Bb2 d5 4. d3 Be6 5. d4 Bd6 6. dxe5 Bxe5 7. Nf3 Nc6 8. e3 h6 9. Bb5 O-O 10. Bxc6 bxc6
11. Nxe5 Qd6 12. c4 Nd7 13. Nxd7 Qxd7 14. cxd5 cxd5 15. Qd4 f6 16. Nd2 Rfc8 17. Rc1 c6 18. h3 Re8 19. h4 Bf5 20. h5 Be4
21. Nxe4 Rxe4 22. Qc5 Rc8 23. Bd4 Rc7 24. f3 Re6 25. Kf2 f5 26. b4 f4 27. exf4 Qe8 28. b5 g5 29. Rhe1 Kf7 30. Rxe6 Qxe6
31. Re1 Qf5 32. Qd6 Rb7 33. bxc6 Rb6 34. Qe7+ Kg8 35. Qg7#
1-0

[Event "DEDIJ   I"]
[Site "SchemingMind.com"]
[Date "2018.09.01"]
[Round "-"]
[White "Chessibelle"]
[Black "JAHI"]
[Result "0-1"]
[WhiteCountry "ENG"]
[BlackCountry "INT"]
[WhiteElo "1255"]
[WhiteRD "63"]
[BlackElo "2079"]
[BlackRD "74"]
[GameID "432136"]

1. e4 c6 2. d3 e6 3. Nf3 d6 4. c4 d5 5. Be2 dxe4 6. Ng5 exd3 7. Bxd3 h6 8. Ne4 Nf6 9. O-O Nxe4 10. a4 Nc5
11. Qd2 Qxd3 12. Na3 Qxd2 13. Bxd2 Nb3 14. Rad1 Nxd2 15. Rxd2 Bxa3 16. Rfd1 Be7 17. b4 e5 18. g3 Be6 19. Rc2 Nd7 20. c5 Bd5
21. Kf1 b6 22. h3 bxc5 23. b5 Nb6 24. Re1 f6 25. Rc3 Nxa4 26. Ra3 cxb5 27. f4 c4 28. Raa1 e4 29. h4 c3 30. Rab1 Bc4+
31. Kg2 Bd3 32. Rbc1 c2 33. f5 b4 34. Ra1 Nc3 35. Kf2 Bc5+ 36. Kg2 b3 37. Ra5 Rc8 38. Kh3 b2
0-1

[Event "DEDIJ   I"]
[Site "SchemingMind.com"]
[Date "2018.09.01"]
[Round "-"]
[White "JAHI"]
[Black "Chessibelle"]
[Result "1-0"]
[WhiteCountry "INT"]
[BlackCountry "ENG"]
[WhiteElo "2115"]
[WhiteRD "80"]
[BlackElo "1216"]
[BlackRD "57"]
[GameID "432137"]

1. c3 e5 2. b3 d6 3. Bb2 Ne7 4. d3 g6 5. d4 Bg7 6. dxe5 Bxe5 7. Nf3 Bf6 8. e3 b6 9. Qc2 Nd7 10. c4 O-O
11. Nc3 Bb7 12. e4 c5 13. Nd5 Ne5 14. Nxf6+ Kh8 15. Nxe5 Qc8 16. Ned7 Rd8 17. Nd5+ Kg8 18. Nxe7#
1-0